000 00290nam a2200109Ia 4500
008 200302s9999 xx 000 0 und d
100 _aAlbert R. Jarrett
245 _aGolf Course & Grounds Irrigation and Drainage
260 _bReston Publishing Co. Inc.
260 _c1985
300 _a246 P.,
999 _c2056
_d2056